Normal view
MARC view
- Stevens, David,
Entry Personal Name
001 - CONTROL NUMBER
- control field: 125609
003 - CONTROL NUMBER IDENTIFIER
- control field: TR-AnTOB
005 - DATE AND TIME OF LATEST TRANSACTION
- control field: 20190903142555.0
008 - FIXED-LENGTH DATA ELEMENTS
- fixed length control field: 820301n| acannaab |n aaa
010 ## - LIBRARY OF CONGRESS CONTROL NUMBER
- LC control number: n 82026289
040 ## - CATALOGING SOURCE
- Original cataloging agency: DLC
- Transcribing agency: DLC
- Modifying agency: DLC
100 1# - HEADING--PERSONAL NAME
- Personal name: Stevens, David,
- Dates associated with a name: 1947-
670 ## - SOURCE DATA FOUND
- Source citation: His English Renaissance theatre history, 1982:
- Information found: CIP t.p. (David Stevens) CIP galley (asso. prof. of Theatre, chairman of Dept. of Theatre and Dance, Oakland Univ.) CIP data sheet (b. 1947)
670 ## - SOURCE DATA FOUND
- Source citation: Blake, W. Selected works, 1995:
- Information found: t.p. (David Stevens)



